| 000 | 01599nam a2200397Ii 4500 | ||
|---|---|---|---|
| 001 | DIGVEDIV0570 | ||
| 003 | NyNyDIG | ||
| 008 | 231008s2023 sp o 000 0 spa d | ||
| 006 | m o d | ||
| 007 | cr ||||||||||| | ||
| 035 | _a(OCoLC)1402839159 | ||
| 040 |
_aDGITA _beng _erda _epn _cDGITA |
||
| 020 |
_a9788490739211 _qeBook |
||
| 020 |
_z9788490739204 _qversión impresa |
||
| 050 | 1 | 4 | _aBS617.8 ebook |
| 110 | 2 |
_aEquipo Bíblico Verbo, _eauthor. |
|
| 245 | 1 | 0 |
_aMis palabras no pasarán : _bencuentros con el evangelio dominical desde la Lectio Divina : Ciclo B / _cEquipo Bíblico Verbo. |
| 264 | 1 |
_aEstella (Navarra), España : _bEVD, Editorial Verbo Divino, _c[2023] |
|
| 300 | _a1 online resource. | ||
| 336 |
_atext _btxt _2rdacontent |
||
| 337 |
_acomputer _bc _2rdamedia |
||
| 338 |
_aonline resource _bcr _2rdacarrier |
||
| 347 |
_atext file _2rdaft |
||
| 347 | _bEPUB | ||
| 490 | 1 | _aAnimación Bíblica de la Pastoral | |
| 588 | 0 | _aOnline resource; title from ePub title page (Digitalia, viewed October 8, 2023) | |
| 630 | 0 | 0 |
_aBible _xDevotional use. |
| 650 | 0 |
_aPrayer _xCatholic Church. |
|
| 791 | 2 |
_aDigitalia (Firm), _edistributor. |
|
| 793 | 0 |
_gDigitalia eBook Collection: _aEditorial Verbo Divino. |
|
| 776 | 0 | 8 |
_iPrint version: _aEquipo Bíblico Verbo. _tMis palabras no pasarán. _dEstella (Navarra), España : EVD, Editorial Verbo Divino, [2023] _z9788490739204 |
| 830 | 0 | _aAnimación Bíblica de la Pastoral. | |
| 856 | 4 | 0 |
_3Digitalia Hispánica _uhttps://www.digitaliapublishing.com/a/128654/ |
| 910 | _aPremium collection: 2023 | ||
| 942 | _cRAA | ||
| 999 |
_c279711 _d279711 |
||